02950nam a2200277 4500001000800000005001700008007000300025008004100028040000800069041000800077100003700085245013800122246012800260300002200388520104600410520087701456650003002333650003902363650002402402650003202426650001902458650003002477650002402507650002202531773011902553ESSALUD20260701150122.0ta t pe ||||| |||| 00| 0 spa d aBMG aspa aRoca Ledesma, Carla MijaleAutor aEl daño por pérdida de oportunidad procesal en la responsabilidad civil del abogado. Análisis comparado entre España y Perú aDamage from loss of procedural opportunity in the civil liability of lawyers. A comparative analysis between Spain and Peru apáginas 110-131 aLa pérdida de oportunidad constituye una de las figuras más controvertidas y relevantes del moderno derecho de daños. En el ámbito de la responsabilidad civil profesional del abogado, esta categoría adquiere especial trascendencia cuando la actuación negligente del letrado frustra la posibilidad del cliente de obtener una resolución judicial favorable. El presente artículo analiza la pérdida de oportunidad procesal desde una perspectiva dogmática y jurisprudencial, con especial énfasis en su configuración como daño autónomo y patrimonial, su diferenciación frente a otros tipos de daños tradicionalmente reconocidos y los métodos de cuantificación empleados. El estudio adopta un enfoque comparado entre los ordenamientos jurídicos de España y Perú, evidenciando el mayor desarrollo jurisprudencial español y la todavía incipiente construcción doctrinal peruana. Finalmente, se formulan propuestas interpretativas orientadas a una correcta recepción de la figura en el Derecho peruano. aLoss of chance has become one of the most debated doctrines in contemporary tort low. With in the context of professional civil liability of lawyers, this concept plays o crucial role when negligent legal conduct deprives o client of the opportunity to obtain o favorable judicial outcome. This article examines procedural loss of chance from o doctrinal and jurisprudential perspective, focusing on its recognition as an autonomous and patrimonial damage, its distinction from traditional categories of damage, and the methods used for its quantification. A comparative analysis between Spanish and Peruvian legal systems highlights the advanced development of Spanish case low and the still incipient Peruvian approach. The article concludes with interpretative proposals aimed at facilitating the proper incorporation of this doctrine into Peruvian civil liability law. aPÉRDIDA DE OPORTUNIDAD  aRESPONSABILIDAD CIVIL DEL ABOGADO  aDAÑO PATRIMONIAL  aCUANTIFICACIÓN DEL DAÑO aLOSS OF CHANCE aLAWYER'S CIVIL LIABILITY  aPATRIMONIAL DAMAGE  aDAMAGE ASSESSMENT0 022573dLima Grupo Praxis Formación Profesional, 2026-oPRA002tPraxis Civil & Procesal CivilwESSALUDx3119-7671